| 000 | 01226cab a2200217 4500 | ||
|---|---|---|---|
| 001 | ##L132969 | ||
| 008 | 060328n2006 000 0 eng u | ||
| 035 | _a(Sirsi) u132969 | ||
| 041 | 0 | _aeng | |
| 100 | 1 | _aWinter, Jeremy | |
| 245 | 0 | 0 | _aWhen the experts get it wrong |
| 260 | _c2006 | ||
| 490 | 0 |
_aConstruction News _v(6959) 23 March 2006. 32(1) |
|
| 520 | _aIt has been clear for some time that an expert witness cannot be sued by a client who loses a case because of what he perceives to be the expert's poor performance. The decision in "Meadow v General Medical Council" ([2006] EWHC 146 Admin, not reported) has now extended this immunity to prevent the bringing of disciplinary proceedings against an expert by their professional body. This has obvious implications for the construction industry. Advises that institutions thinking of changing their rules should await the outcome of an appeal in the case. | ||
| 590 | _aIKA280306 | ||
| 650 | 2 | 4 | _aMEADOW V GENERAL MEDICAL COUNCIL |
| 650 | 2 | 4 | _aSTANTON V CALLAGHAN |
| 650 | 2 | 4 | _aPEARCE V OVE ARUP PARTNERSHIP LTD AND OTHERS |
| 690 | _aMANAGEMENT-DISPUTE AVOIDANCE, MANAGEMENT AND RESOLUTION-DISPUTE MANAGEMENT AND RESOLUTION-EXPERT WITNESSES | ||
| 942 | _n0 | ||
| 999 |
_c76727 _d76727 |
||